书目信息 |
| 题名: |
连续群
|
|
| 作者: | 邦德列雅金 著 ;曹锡华 译 | |
| 分册: | 上册 | |
| 出版信息: | 北京 科学出版社 1957 |
|
| 页数: | 321页 | |
| 开本: | 20cm | |
| 丛书名: | ||
| 单 册: | ||
| 中图分类: | O152.4 | |
| 科图分类: | ||
| 主题词: | 局部李群 | |
| 电子资源: | ||
| ISBN: | ||
| 000 | 00667nam0 2200229 45 | |
| 001 | 0178005783 | |
| 005 | 20060813085816.81 | |
| 010 | @dCNY1.30 | |
| 091 | @a13031.798 | |
| 100 | @a19950726e1957 em y0chiy0121 ea | |
| 101 | 1 | @achi@crus |
| 102 | @aCN@b110000 | |
| 105 | @ay z 000yy | |
| 200 | 10 | @a连续群@Alian xu qun@h上册@f(苏)Л·С·邦德列雅金著@F(su)Л·С·bang de lie ya jin zhu@g曹锡华译 |
| 210 | @a北京@c科学出版社@d1957@h1978重印 | |
| 215 | @a321页@d20cm | |
| 606 | @a局部李群 | |
| 690 | @aO152.4@v4 | |
| 701 | 0 | @a邦德列雅金@Abang de lie ya jin@4著 |
| 702 | 0 | @a曹锡华@Acao xi hua@4译 |
| 801 | 0 | @aCN@bTSSF@c20060813 |
| 905 | @a10447@dO152.4@e31:1 | |
| 连续群.上册/(苏)Л·С·邦德列雅金著/曹锡华译.-北京:科学出版社,1957(1978重印) |
| 321页;20cm |
| ISBN :CNY1.30 |
| ● |
| 相关链接 |
|
|
|
|
正题名:连续群
索取号:O152.4/31:1
 
预约/预借
| 序号 | 登录号 | 条形码 | 馆藏地/架位号 | 状态 | 备注 |
| 1 | 0000249 | 202233494 | 密集书库/ [索取号:O152.4/31:1] | 在馆 | |
| 2 | 0000250 | 202233467 | 密集书库/ [索取号:O152.4/31:1] | 在馆 | |
| 3 | 0000251 | 202233555 | 密集书库/ [索取号:O152.4/31:1] | 在馆 | |
| 4 | 0000252 | 202233458 | 密集书库/ [索取号:O152.4/31:1] | 在馆 | |
| 5 | 0000253 | 000412271 | 第二样本阅览室/ [索取号:O152.4/31:1] | 在馆 | |
| 6 | 0000254 | 202220612 | 密集书库/ [索取号:O152.4/31:1] | 在馆 | |
| 7 | 0000255 | 202220701 | 密集书库/ [索取号:O152.4/31:1] | 在馆 | |
| 8 | 0000256 | 202233421 | 密集书库/ [索取号:O152.4/31:1] | 在馆 | |
| 9 | 0000257 | 202233500 | 密集书库/ [索取号:O152.4/31:1] | 在馆 | |
| 10 | 0000258 | 202265299 | 密集书库/ [索取号:O152.4/31:1] | 在馆 | |
| 11 | 0000259 | 202233528 | 密集书库/ [索取号:O152.4/31:1] | 在馆 | |
| 12 | 0000260 | 202233449 | 密集书库/ [索取号:O152.4/31:1] | 在馆 | |
| 13 | 0000261 | 202233537 | 密集书库/ [索取号:O152.4/31:1] | 在馆 | |
| 14 | 0000262 | 202233476 | 密集书库/ [索取号:O152.4/31:1] | 在馆 | |
| 15 | 0000263 | 202265324 | 密集书库/ [索取号:O152.4/31:1] | 在馆 | |
| 16 | 0000264 | 202233485 | 密集书库/ [索取号:O152.4/31:1] | 在馆 | |
| 17 | 0000265 | 202233546 | 密集书库/ [索取号:O152.4/31:1] | 在馆 | |
| 18 | 0000266 | 202233430 | 密集书库/ [索取号:O152.4/31:1] | 在馆 | |
| 19 | 0000267 | 202233519 | 密集书库/ [索取号:O152.4/31:1] | 在馆 | |
| 20 | 0000268 | 202265333 | 密集书库/ [索取号:O152.4/31:1] | 在馆 | |
| 21 | 0455038 | 204550388 | 密集书库/ [索取号:O152.4/31:1] | 在馆 |